The Costliest Pearl: (Record no. 183567)

MARC details
000 -LEADER
fixed length control field 00673nam a22001817a 4500
005 - DATE AND TIME OF LATEST TRANSACTION
control field 20211228160731.0
010 ## - LCCN (DPL NO)
LC control number ENG-130729
020 ## - INTERNATIONAL STANDARD BOOK NUMBER
International Standard Book Number 9789388689717
Terms of availability 699.00
035 ## - SYSTEM CONTROL NUMBER
System control number EN-114261
037 ## - SOURCE OF ACQUISITION
Source of stock number/acquisition DBAD
082 ## - DEWEY DECIMAL CLASSIFICATION NUMBER
Classification number 327.5101824
100 ## - MAIN ENTRY--PERSONAL NAME
Personal name Lintner, Bertil
245 ## - TITLE STATEMENT
Title The Costliest Pearl:
Remainder of title China's Struggle For India's Ocean/
Statement of responsibility, etc Bertil Lintner
260 ## - PUBLICATION, DISTRIBUTION, ETC. (IMPRINT)
Place of publication, distribution, etc Chennai
Name of publisher, distributor, etc Westland Publication Private Limited
Date of publication, distribution, etc 2019
270 ## - ADDRESS
Address 1st Floor, A Block, East Wing, Plot No. 40, SP Infocity, Dr MGR Saiai, Purungudi, Kandanchavadi
City Chennai
Postal code 600096
300 ## - PHYSICAL DESCRIPTION
Extent vii, 325p
Dimensions 22cm(hbk)
Other physical details Notes, Bibliography, Index
942 ## - ADDED ENTRY ELEMENTS (KOHA)
Source of classification or shelving scheme Dewey Decimal Classification
Item type English Books
Classification part 327.5101824
Call number suffix LIN
Holdings
Withdrawn status Lost status Not for loan Collection code Home library Current library Date acquired Source of acquisition Cost, normal purchase price Full call number Barcode Copy number Cost, replacement price Koha item type
      Fiction Mobile Library Mobile Library 28/12/2021 DBAD/PUB 699.00 327.5101824 LIN EN-114261 1 699.00 English Books

© Delhi Public Library
Hit Counter
free hit counter